Countries Bordering Countries that Border China - Statistics

General Stats
  • This quiz has been taken 89 times
  • The average score is 15 of 17
Answer Stats
Answer % Correct
South Korea
95%
Thailand
93%
Cambodia
92%
Lithuania
92%
Georgia
90%
Ukraine
90%
Azerbaijan
89%
Estonia
89%
Latvia
89%
Turkmenistan
89%
Uzbekistan
89%
Belarus
88%
Finland
88%
Bangladesh
87%
Iran
87%
Poland
84%
Norway
78%
No matching quizzes found
Score Distribution
Percent of People with Each Score
Percentile by Number Answered
Your Score History
You have not taken this quiz